书目信息 |
| 题名: |
有机硅产品合成工艺及应用
|
|
| 作者: | 幸松民 , 来国桥 编著 | |
| 分册: | ||
| 出版信息: | 北京 化学工业出版社 2010.01 |
|
| 页数: | 783页 | |
| 开本: | 27cm | |
| 丛书名: | ||
| 单 册: | ||
| 中图分类: | TQ264.1 | |
| 科图分类: | ||
| 主题词: | 含硅高聚物--有机合成--生产工艺 | |
| 电子资源: | ||
| ISBN: | 978-7-122-06616-9 | |
| 000 | 00948nam0 2200253 450 | |
| 001 | 0011250509 | |
| 005 | 20100508114545.09 | |
| 010 | @a978-7-122-06616-9@b精装@dCNY168.00 | |
| 100 | @a20100515d2010 em y0chiy0110 ea | |
| 101 | 0 | @achi |
| 102 | @aCN@b110000 | |
| 105 | @aa a 000yy | |
| 200 | 1 | @a有机硅产品合成工艺及应用@Ayou ji gui chan pin he cheng gong yi ji ying yong@f来国桥,幸松民等编著 |
| 205 | @a第2版 | |
| 210 | @a北京@c化学工业出版社@d2010.01 | |
| 215 | @a783页@c图@d27cm | |
| 320 | @a有书目 | |
| 330 | @a本书较广泛地介绍了各类硅烷单体、硅氧烷中间体,硅油、硅橡胶、硅树脂及它们的二次加工品,与有机物的共聚产品等的合成工艺、产品性以及应用领域。 书中附有常见有机硅单体及聚硅氧烷的物理常数或性质,主要产品的生产工艺。 | |
| 606 | 0 | @a含硅高聚物@x有机合成@x生产工艺 |
| 690 | @aTQ264.1@v4 | |
| 701 | 0 | @a幸松民@Axing song min@4编著 |
| 701 | 0 | @a来国桥@Alai guo qiao@4编著 |
| 801 | 0 | @aCN@c20100515 |
| 905 | @dTQ264.1@eL024=2@f3 | |
| 有机硅产品合成工艺及应用/来国桥,幸松民等编著.-第2版.-北京:化学工业出版社,2010.01 |
| 783页:图;27cm |
| ISBN 978-7-122-06616-9(精装):CNY168.00 |
| 本书较广泛地介绍了各类硅烷单体、硅氧烷中间体,硅油、硅橡胶、硅树脂及它们的二次加工品,与有机物的共聚产品等的合成工艺、产品性以及应用领域。 书中附有常见有机硅单体及聚硅氧烷的物理常数或性质,主要产品的生产工艺。 |
| ● |
| 相关链接 |
|
|
|
正题名:有机硅产品合成工艺及应用
索取号:TQ264.1/L024=2
 
预约/预借
| 序号 | 登录号 | 条形码 | 馆藏地/架位号 | 状态 | 备注 |
| 1 | 981760 | 209817607 | 期刊室512/501自科库 140排3列3层/ [索取号:TQ264.1/L024=2] | 在馆 | |
| 2 | 981761 | 209817616 | 自科库501/501自科库 140排3列3层/ [索取号:TQ264.1/L024=2] | 在馆 | |
| 3 | 981762 | 209817625 | 期刊室512/501自科库 140排3列3层/ [索取号:TQ264.1/L024=2] | 在馆 |